000 01713cam a22004574i 4500
003 PE-LiUPU
005 20250731184549.0
008 150616s r 000 0 d
035 _a(Sirsi) a3310
040 _aPE-LiUPU
_bspa
_cPE-LiUPU
_erda
049 _aPRUA
082 0 4 _a947.3
_bEd2
_221
100 1 _aEddy, Sherwood,
_eautor.
245 1 0 _aRussia today; what can we learn from it?.
264 1 _aNew York :
_bFarrar & Rinehart,
_c1934.
300 _a316 páginas ;
_c22 cm.
336 _atext
_2rdacontent
337 _aunmediated
_2rdamedia
338 _avolume
_2rdacarrier
505 0 _aThe warning of Russia's evils -- Bureaucracy and the Denial of Liberty -- Violence and compulsion -- Dogmatism, atheism and anti-religion -- Possible contributions to human welfare -- Social justice and social planning -- A classless society -- The treatment of criminals -- The care of children; yuth and education -- New motives and incentives.
526 _aP136
526 _aP135
526 _aP134
526 _aP133
526 _aP144
526 _aP143
526 _aP87
526 _aP35
526 _aP20
526 _aP14
526 _aP10
526 _aP06
650 0 4 _aRUSIA - POLITICA.
910 _ajck
_bjvq
_cjck
942 _2ddc
_cBOOK
949 _a947.3 Ed2
_wDEWEY
_c1
_i10707
_lCCODEBUL1
_mBUL
_p00.00
_r0
_sY
_tBOOK
_u2015-04-23
_xEDUCACION
_PP20
_0COMPRA
_o.STAFF. Colección General
994 _aC0
_bPEPRU
596 _a1
999 _a947.3 ED2
_wDEWEY
_c40825
_i10707
_f2021-11-8
_g5
_lCCODEBUL1
_mBUL
_r0
_sY
_tBOOK
_u2015-4-23
_xBIBLIOTECA
_PP20
_0COMPRA
_o.STAFF. Colección General
_d40825
980 _81
_gALBERTO SANCHEZ Responsable de Automatización